Music Quiz

Random Music or Lyrics Quiz

English Words in 'Gangnam Style' Quiz Stats

 Plays Quiz Updated Jan 20, 2015

Score 0/9 Timer 02:00
9 Plays Today
OPPAN GANGNAM STYLE! % Correct
SEXY
84.6%
LADY
83.4%
STYLE
62.9%
YOU
35.3%
BABY
29.1%
KNOW
27.1%
WHAT
25.9%
I'M
24.3%
SAYING
22.6%

You're not logged in!

Compare scores with friends on all Sporcle quizzes.
OR
Log In

You Might Also Like...

Show Comments

Extras

Top Quizzes Today


Score Distribution

Your Account Isn't Verified!

In order to create a playlist on Sporcle, you need to verify the email address you used during registration. Go to your Sporcle Settings to finish the process.

Report this User

Report this user for behavior that violates our Community Guidelines.

Details: